01251nac a22003011i 4500003000900000005001700009008004100026020001500067040004300082082001900125100003700144245012300181264004900304264001000353300004600363336002600409337002800435338002700463504005200490650003300542650002700575650003300602655001700635942001200652999001500664952013100679952013900810EG-ScBUE20250601082612.0250406t1961 nyua f b 001 0 eng d a047123463X aEG-ScBUEbengerdacEG-ScBUEdEG-ScBUE04a530.1bEIS2221 aEisberg, Robert Martin,eauthor.00aFundamentals of modern physics / cRobert Martin Eisberg, associate professor of physics, The University of Minnesota. 1aNew York :bJohn Wiley & Sons, Inc.,c[1961] 4cc1961 axiii, 729 pages :billustrations ;c24 cm 2rdacontentatextbtxt aunmediated2rdamediabn avolumebnc2rdacarrier aIncludes bibliographical references and index.  7aMatterxConstitution.2BUEsh 7aQuantum theory.2BUEsh 7aRelativity (Physics).2BUEsh vReading book cBB2ddc c4248d4248 00102ddc40708Alef-BaaaMAINbMAINc1STd2007-09-02ePurchasel0o530.1 EISp000005273r2025-07-15 00:00:00w2007-09-02yBB 00102ddc40708Alef-BaaaMAINbMAINc1STd2009-06-25epurchaseg150.00l0o530.1 EISp000017057r2025-07-15 00:00:00w2009-06-25yNB